000 00530nam a2200181Ia 4500
999 _c58247
_d58244
082 _aR/6IT12
100 _aHassan Raza
100 _aRoll No. 12BS(IT)19
100 _aSupervisor - Engr. Fiza Siyal
245 0 _aAnroid Based Smart Automated System
260 _aNawabshah
_bQUEST
_c2016
300 _a55p
700 _aFaizan Zaib (Roll No. 12BS(IT)38)
700 _aMashhood Raza (Roll No. 12BS(IT)11)
700 _aWaqar Younas (Roll No. 12BS(IT)15)
700 _aHafiza Musarat (Roll No. 12BS(IT)05)
942 _cTHESIS